LEADER 01848nam a2200337 a 4500 001 000000126406 003 CaOOAMICUS 005 20111028173623.0 008 110928s1549 it u001 u lat r 026 $ai-o- m.is$bc*da liqu (3)$c1549 (A) 040 $aPUL$bita 100 0 $aThomas Aquinas,$cs.,$dc. 1225-1274.$0(OLS)http://pul/name/3373 245 10$aDivi Thomae Aquinatis, In beati Ioannis Apocalypsim expositio, nunc primum č tenebris eruta .. 246 30$aIn beati Ioannis Apocalypsim expositio .. 260 $aFlorentiae :$bapud Laurentium Torrentinum,$c1549. 300 $a[16], 654, [82] p. ;$c8° (17 cm). 500 $aSegnatura: [fiore]8 a-z8 A-Z8. 500 $aInclude indici. 500 $aIniziali e fregi xil. 630 04$aBiblia.$pN.T.$pApocalypsis.$0(OLS)http://pul/subject/6630 662 $aItalia$dFirenze.$0(OLS)http://pul/subject/34936 710 0 $aTorrentino, Lorenzo$4pbl.$0(OLS)http://pul/name/70691 850 $aPUL 852 $aPUL$W1$xDP1 Antico 500$y12$m485 C 6$j146063$qStampati Antico$B144757$CPULBib$Z2$F144757 $82 900 $aTommaso d'Aquino,$cs.,$dc.1225-1274$93373 941 1 $a15 961 $aAutore e titolo dell'opera abbreviato sul dorso.Note mss. sulla coperta; sul verso della coperta: "iudicium MDCXVIII (depennato) MDCXIII"; all'interno del testo; sulla carta di guardia posteriore: 13.2.1919.Precedenti collocazioni sul verso della coperta: 2., 214, 97 C 21.Legatura in pergamena semifloscia con indorsatura su pergamena ms. 996 $6246$aIn beati Ioannis Apocalypsim expositio ..$9(OLS)http://pul/title/159653 996 $6245$aDivi Thomae Aquinatis, In beati Ioannis Apocalypsim expositio, nunc primum č tenebris eruta ..$9(OLS)http://pul/title/159652 996 $6260$aFlorentiae :$bapud Laurentium Torrentinum$9(OLS)http://pul/publisher/80455 LEADER 01378nam a2200325 a 4500 001 000000151529 003 CaOOAMICUS 005 20160505100009.0 008 160505s2015 it u000 u ita r 020 $a978-88-8333-471-9* 032 $aLibriCat 040 $aPUL$bita 082 04$a262.9 100 1 $aDel Pozzo, Massimo,$d1966-$0(OLS)http://pul/name/70406 245 10$aIntroduzione alla scienza del diritto costituzionale canonico /$cMassimo del Pozzo. 260 $aRoma :$bEDUSC,$c©2015. 300 $a229 p. ;$c24 cm. 490 1 $aSubsidia canonica ;$v16 500 $aIn testa alla cop.: Pontificia Universitą della Santa Croce, Facoltą di Diritto Canonico. 504 $aBibliografia in nota. 650 4$aDiritto costituzionale canonico.$0(OLS)http://pul/subject/2961 830 0$aSubsidia canonica ;$v16.$0(OLS)http://pul/title/67028 850 $aPUL 852 $aPUL$W1$xSL Diritto Canonico 3$y77$m262. 9 COLL 8.16$j174098$qDDC 21$B176578$CPULBib$Z2$F176578 $H127670 $81 941 1 $a9 996 $6020$a978-88-8333-471-9*$9(OLS)http://pul/number/160358 996 $6082$a262.9$9(OLS)http://pul/classification/369 996 $6245$aIntroduzione alla scienza del diritto costituzionale canonico$9(OLS)http://pul/title/190802 996 $6260$aRoma :$bEDUSC$9(OLS)http://pul/publisher/79480